Statistics for European Capitals of Culture

Click here to take the quiz!

General Stats

  • This quiz has been taken 37 times
    (8 since last reset)
  • The average score is 32 of 80

Answer Stats

YearCountryCity% Correct
1985GreeceAthens
100%
1989FranceParis
75%
1987NetherlandsAmsterdam
63%
1988GermanyBerlin
63%
2000BelgiumBrussels
63%
1996DenmarkCopenhagen
63%
1991IrelandDublin
63%
2010TurkeyIstanbul
63%
1994PortugalLisbon
63%
2007LuxembourgLuxembourg City
63%
1995LuxembourgLuxembourg City
63%
1992SpainMadrid
63%
2001PortugalPorto
63%
1997GreeceThessaloniki
63%
2017DenmarkAarhus
50%
1993BelgiumAntwerp
50%
2000NorwayBergen
50%
2005IrelandCork
50%
2010GermanyEssen
50%
1986ItalyFlorence
50%
1990United KingdomGlasgow
50%
2000FinlandHelsinki
50%
2022LithuaniaKaunas
50%
2013SlovakiaKošice
50%
2000PolandKraków
50%
2004FranceLille
50%
2009AustriaLinz
50%
2012SloveniaMaribor
50%
2013FranceMarseille
50%
2022SerbiaNovi Sad
50%
2019BulgariaPlovdiv
50%
2000CzechiaPrague
50%
2000IcelandReykjavík
50%
2001NetherlandsRotterdam
50%
2008NorwayStavanger
50%
1998SwedenStockholm
50%
2011EstoniaTallinn
50%
2024EstoniaTartu
50%
2011FinlandTurku
50%
2018MaltaValletta
50%
2009LithuaniaVilnius
50%
2016PolandWrocław
50%
2002BelgiumBruges
38%
2003AustriaGraz
38%
2008United KingdomLiverpool
38%
2017CyprusPaphos
38%
2006GreecePatras
38%
2015CzechiaPlzeň
38%
2014LatviaRiga
38%
2016SpainSan Sebastián
38%
2000SpainSantiago de Compostela
38%
2007RomaniaSibiu
38%
2028North MacedoniaSkopje
38%
2023RomaniaTimișoara
38%
2000FranceAvignon
25%
2000ItalyBologna
25%
2022LuxembourgEsch-sur-Alzette
25%
2027PortugalÉvora
25%
2020IrelandGalway
25%
2004ItalyGenoa
25%
2012PortugalGuimarães
25%
2018NetherlandsLeeuwarden
25%
2019ItalyMatera
25%
2010HungaryPécs
25%
2020CroatiaRijeka
25%
2014SwedenUmeå
25%
2024AustriaBad Ischl
13%
2024NorwayBodø
13%
2028FranceBourges
13%
2025GermanyChemnitz
13%
2027LatviaLiepāja
13%
2015BelgiumMons
13%
2026FinlandOulu
13%
2002SpainSalamanca
13%
2026SlovakiaTrenčín
13%
1999GermanyWeimar
13%
2028Czech RepublicČeské Budějovice
0%
2023GreeceEleusis
0%
2025Slovenia/ItalyNova Gorica / Gorizia
0%
2023HungaryVeszprém
0%

Score Distribution

Percentile by Number Answered

Percent of People with Each Score

Your Score History

You have not taken this quiz since the last reset